01007nam a2200253 a 4500001001000000003000600010005001700016008004100033040002500074082003100099100002600130245009300156250001200249260003800261300005200299500004300351504003100394650008600425650008500511650004600596650004600642650002600688650003900714000013439BNPHU20260326131827.0091124s1994 dr ac 000 0 spa d aDO-SdBNPbspacBNPHU a332.673227293bB458t, 19941 aBendek, Frank,d1946-10aTodo lo que usted debe saber para invertir en la República Dominicana /cFrank Bendek. a2ª ed. aSanto Domingo :bCorripio,c1994. axxviii, 798 p. :bil, gráfcs.,retr. ;c22 cm. aIncluye datos biográficos del autor. aBibliografía: p. 797-798 7aInversiones extranjerasxLeyes y legislaciónzRepública Dominicana2LIBRUNAM  0aSociedades anónimas xLeyes y legislaciónzRepública Dominicana2LIBRUNAM  0aLetras de cambio zRepública Dominicana 0a Bolsa de valoreszRepública Dominicana 4aLegislación laboral 4aRegulación del comercio exterior